Представление документа в формате RUSMARC

ПолеНазваниеЗначение
  Тип записи a
  Библиографический уровень m
001 Контрольный номер SKBR/94b453cb-c849-4ca3-bc0e-5e5213d2fbc6
005 Дата корректировки 20260526151031.0
010 Индекс ISBN __
a ISBN 978-5-16-019596-4
b Уточнения в пер.
b Уточнения Инфра-М
010 Индекс ISBN __
a ISBN 978-5-7638-4608-9
b Уточнения СФУ
9 Тираж 500 экз.
035 Другие системные номера __
a Идентификатор записи RU/Тюменская ОНБ/EKC/81/Е 25-146509251
100 Данные общей обработки __
a Данные общей обработки 20260526d2024 mk y0rusy028902 ca
101 Язык документа 0_
a Язык текста rus
102 Страна публикации __
a Страна публикации RU
105 Кодированные данные (монография) __
a Кодированные данные (монография) y j 000yy
181 Поле кодированных данных: вид содержания _0
a Код вида содержания (ISBD) i
182 Поле кодированных данных: тип средства _0
a Код типа средства (ISBD) n
200 Заглавие и сведения об ответственности 1_
a Заглавие Интернет-коммуникация и жанры русского электронного эпистолярия
e Сведения, относящиеся к заглавию учебное пособие : [для студентов высших учебных заведений, изучающих дисциплины коммуникативной направленности]
f Первые сведения об ответственности И. В. Евсеева, А. В. Кожеко
g Последующие сведения об ответственности Сибирский федеральный университет
203 Вид содержания и тип средства __
a Вид содержания Текст
c Тип средства непосредственный
210 Выходные данные 1_
a Место издания Москва
c Издательство Инфра-М
a Место издания Красноярск
c Издательство СФУ
d Дата издания 2024
215 Физическое описание __
a Объем 183 с.
d Формат 22 см
c Иллюстрации/тип воспроизводства табл.
225 Серия 2_
a Серия Высшее образование
320 Библиография __
a Библиография Библиография: с. 105-116 (155 названий)
330 Аннотация __
a Аннотация Изложены вопросы, раскрывающие особенности электронной коммуникативной среды, специфику интернет-коммуникации (ИК) и становление сетевого этикета. Особое внимание уделено эпистолярным жанрам ИК, функционирующим в том числе в деловой сфере, и эффективности речевого общения в сети. Дана система заданий, направленных на отработку теоретических положений на практике. Пособие рекомендовано как дополнительное к перечню основной учебной литературы дисциплин, формирующих общепрофессиональные и профессиональные компетенции коммуникативной направленности, предусматривающие умение вести корректно общение в различных ситуациях устной, письменной и виртуальной коммуникации для осуществления профессиональной деятельности. Предназначено для преподавателей-филологов и студентов высших учебных заведений, изучающих дисциплины коммуникативной направленности. Будет полезно учителям русского языка общеобразовательных школ.
606 Тематические рубрики __
a Основная рубрика Языкознание
2 Код системы nlr_sh
606 Тематические рубрики __
a Основная рубрика Русский язык
2 Код системы nlr_sh
610 Ключевые слова 1_
a Ключевые слова блогосфера
610 Ключевые слова 1_
a Ключевые слова Интернет
610 Ключевые слова 1_
a Ключевые слова языковая личность
610 Ключевые слова 1_
a Ключевые слова этикет в переписке
610 Ключевые слова 1_
a Ключевые слова интернет-авторы
610 Ключевые слова 1_
a Ключевые слова интернет-издания
610 Ключевые слова 1_
a Ключевые слова лингвистический анализ
610 Ключевые слова 1_
a Ключевые слова лингвокультурология
610 Ключевые слова 1_
a Ключевые слова социолингвистика
610 Ключевые слова 1_
a Ключевые слова филологический анализ
610 Ключевые слова 1_
a Ключевые слова языкознание
686 Индексы других классификаций __
2 Код системы rubbks
a Классификационный индекс 81.411.2-55я73
700 Автор _1
a Фамилия Евсеева
b Имя И. В.
g Полное личное имя Ирина Владимировна
4 Код отношения 070
701 Альтернативная интеллектуальная ответственность _1
a Фамилия Кожеко
b Имя А. В.
g Полное личное имя Анна Владимировна
4 Код отношения 070
712 Наименование организации (Вторичная ответственность) 02
a Организация/ юрисдикция Сибирский федеральный университет
c Место постоянной организации Красноярск
801 Источник записи _2
b Организация Тюменская ОНБ
a Страна RU
c Дата составления 20240227
g Правила каталогизации PSBO
801 Источник записи _1
b Организация Тюменская ОНБ
a Страна RU
c Дата составления 20240307
g Правила каталогизации PSBO
852 Данные о местонахождении __
i Авторский знак Е 25
j Шифр хранения 81.411.2-55я73
901 Тип документа __
a Ответственный КиК/Обаева
t Тип документа m
901 Тип документа __
a Ответственный без партии
903 Характеристики (МАРС) __
a Дата передачи 20260526
c Наименование библиотеки (МАРС) Муниципальное бюджетное учреждение культуры "Централизованная библиотечная система" г. Сургут (Центральная городская библиотека им. А. С. Пушкина)
969 Тип издания __
a Тип издания Ф 26
a Тип издания учебное пособие